000 00912nam a2200253 i 4500
001 bg
245 0 0 _aWstęp do informatyki gospodarczej :
_bpraca zbiorowa /
_cpod red. Anny Rokickiej-Broniatowskiej ; [zespół aut. Beata Czarnacka-Chrobot et al.].
250 _aWyd. 3 zm.
260 _aWarszawa :
_bSzkoła Główna Handlowa. Oficyna Wydawnicza,
_c2004.
300 _a609 s. :
_brys., wykr. ;
_c24 cm.
504 _aBibliogr. przy rozdz. Indeks.
650 9 _aSystemy informatyczne zarządzania
655 _aPodręczniki akademickie
700 1 _aROKICKA-BRONIATOWSKA, Anna.
_eRed.
700 1 _aCZARNACKA-CHROBOT, Beata
020 _a8373781110
040 _cBPK
041 0 _apol
080 _a65.012.4:002.5:004](075.8)
920 _a83-7378-111-0
942 _cKS
008 s pl f |000 0 pol
999 _c45790
_d45790
856 _uhttp://koha.tu.koszalin.pl/cgi-bin/koha/opac-detail.pl?biblionumber=45790
_yKatalog online BPK